| 000 | 01842nim a2200373 i 4500 | ||
|---|---|---|---|
| 001 | 197256 | ||
| 003 | ES-MaACL | ||
| 005 | 20250828062610.0 | ||
| 007 | ss lsnjlcipnne | ||
| 008 | 300425s1990 sp nnnn |||| 00| spa d | ||
| 040 |
_bspa _cES-MaACL |
||
| 245 | 0 | 0 |
_aMasonería y política _h[Grabación sonora] : _bconferencia-debate / _cinterviene Antonio María Pérez Gangoso ; presenta Francisco José Alonso Rodríguez ; modera Manuel Huguet Tamarit. |
| 260 |
_aMadrid : _bAteneo de Madrid, _c1990. |
||
| 300 |
_a1 casete (ca. 90 min) : _bson. ; _c11 cm |
||
| 490 | 1 | _3Actos culturales en el Ateneo de Madrid | |
| 518 | _aGrabado el 14 de diciembre de 1990 en el Salón de la Cacharrería del Ateneo de Madrid. | ||
| 520 | _aConferencia sobre masonería y política presentada por Francisco José Alonso Rodríguez, presidente de la Agrupación de Debates Parlamentarios. Moderna Manuel Huguet Tamarit, presidente de la agrupación e interviene Antonio María Pérez Gangoso, gran secretario del Grande Oriente Español. | ||
| 540 | _aDocumento inédito | ||
| 594 | _5Datos basados en la invitación. | ||
| 610 | 2 | 0 |
_aAteneo de Madrid- _xActos culturales- _y1990- _vGrabaciones sonoras _9240083 |
| 610 | 2 | 4 |
_aMasonería _95658 |
| 653 | _aArchivo de la palabra | ||
| 655 | 0 |
_aConferencias _9234444 |
|
| 700 |
_9240437 _aPérez Gangoso, Antonio María _eora |
||
| 700 | 1 |
_aAlonso Rodríguez, Francisco José _epres _9240380 |
|
| 700 | 1 |
_aHuguet Tamarit, Manuel _emod _964651 |
|
| 710 |
_aAteneo de Madrid _bAgrupación de Debates Parlamentarios _ehis _9240293 |
||
| 710 |
_aLiga Española Pro Derechos Humanos _eclb _9240300 |
||
| 830 | 0 |
_aActos culturales en el Ateneo de Madrid _9240237 |
|
| 852 |
_aES-MaACL _cDEPOZ _9205486 |
||
| 942 |
_2udc _n0 _cCINTASAUD |
||
| 999 |
_c197256 _d197256 |
||